| 000 | 03089nam0a2200445 4500 | ||
|---|---|---|---|
| 001 | RU\NLR\BIBL_A\021978880 | ||
| 005 | 20260408071624.0 | ||
| 010 |
_a5-89511-002-9 _93000 |
||
| 021 |
_aRU _b97-18311 |
||
| 035 | _a(NLR Aleph) 021978880 | ||
| 090 |
_a12392137 _c12392137 |
||
| 100 | _a20000119d1997 |||y0rusy50 ca | ||
| 101 | 0 |
_arus _deng |
|
| 102 | _aRU | ||
| 105 | _ah k|||||1|| | ||
| 200 | 1 |
_aКатынь _eпленники необъявленной войны _e[документы и материалы] _f[Федеральная архивная служба России, Институт всеобщей истории РАН, Институт славяноведения и балканистики РАН, Институт военной истории Министерства обороны Российской Федерации, Центральный архив Федеральной службы безопасности Российской Федерации, Генеральная дирекция государственных архивов Польши] _gредколлегия: российские редакторы - Р.Г. Пихоя (пред.) [и др.], польские редакторы - А. Гейштор (пред.) [и др.] _g[составитель: Н.С. Лебедева и др.] |
|
| 210 |
_aМосква _cМеждународный фонд "Демократия" _d1997 |
||
| 215 |
_a604 с. _cфакс. _d24 |
||
| 225 | 1 |
_aРоссия. ХХ век _eдокументы _fпод общей редакцией академика А.Н. Яковлева |
|
| 300 | _aРезюме на англ. яз | ||
| 320 | _aБиблиогр. в примечаниях: с. 41-46 | ||
| 320 | _aУказатель имен и географических названий: с. 475-514 | ||
| 517 | 1 | _aПленники необъявленной войны | |
| 606 | 0 |
_aВторая мировая война _jДокументы и материалы _yПольша _z1939 - 1945 _9982197 _3RU\NLR\AUTH\6651523 |
|
| 606 | 0 |
_aКатынский расстрел _jДокументы и материалы _z1940 _91349895 _3RU\NLR\AUTH\66248924 |
|
| 686 | _aТ3(4П)62,01 | ||
| 686 | _aТ3(2)7-3,01 | ||
| 686 | _aЦ68,6(2)-221.1г,011 | ||
| 702 | 1 |
_4220 _8rus _7ca _aЛебедева _bН. С. _cд-р ист. наук _gНаталья Сергеевна _3RU\NLR\AUTH\7744892 _927832 |
|
| 702 | 1 |
_4340 _8rus _7ca _aПихоя _bР. Г. _f1947- _gРудольф Германович _3RU\NLR\AUTH\77101837 _984763 |
|
| 702 | 1 |
_aГейштор _bА. _f1916-1999 _gАлександр _4340 |
|
| 712 | 0 | 2 |
_4475 _aАрхивный фонд Российской Федерации _3RU\NLR\AUTH\8810213743 _9314240 |
| 712 | 0 | 2 |
_4475 _aГенеральная дирекция государственных архивов Польши _3RU\NLR\AUTH\889994696 _9486160 |
| 801 | 0 |
_aRU _bNLR _c20000119 _gPSBO |
|
| 801 | 1 |
_aRU _bNLR _c20000119 |
|
| 852 |
_aNLR _j97-7/1250 |
||
| 942 | _cBOOK | ||
| 980 | _aNB | ||